000 00857nam a2200277 a 4500
001 000112589
003 CHAP
005 20220329144313.0
008 160727s2016 mx a |r| |||||||spa d
010 _a109050
011 _a110022
020 _a9786071204219
040 _cCHAP
082 0 4 _a581
_bR69
100 0 0 _aRodríguez Castañeda, Bertha
_998376
245 1 0 _aGlosario esquemático de términos botánicos /
_cpor Bertha Rodríguez Castañeda y Sergio Ibán Mendoza Pedroza.
260 _aChapingo, Méx. :
_bUACH. Departamento de Publicaciones,
_c2016.
300 _a120 p. :
_bil.
590 _aE6096MTM
_b05
_c20160727
_lUCH01
_h1419
590 _aE6096MTM
_b05
_c20160727
_lUCH01
_h1505
650 1 4 _aBotánica
_xDiccionarios.
_914530
700 0 _aMendoza Pedroza, Sergio Ibán.
_974719
901 _aBK
942 _cLIBRO
942 _n0
999 _c109050
_d109050